000
00285nam a22001337a 4500
008
180922b xxu||||| |||| 00| 0 eng d
020
_a
9780135759868
041
_a
eng
080
_a
616.073
100
_a
6
101
_a
GJEN
245
_a
Genetics
_c
Mertens, Th.R
942
_2
udc
_c
BK
999
_c
48298
_d
48298